The Quran Basic Teachings (Record no. 62881)

000 -LEADER
fixed length control field 00492nam a22001937a 4500
003 - CONTROL NUMBER IDENTIFIER
control field NUST - PNEC
005 - DATE AND TIME OF LATEST TRANSACTION
control field 20170116180759.0
008 - FIXED-LENGTH DATA ELEMENTS--GENERAL INFORMATION
fixed length control field 150410b xxu||||| |||| 00| 0 eng d
020 ## - INTERNATIONAL STANDARD BOOK NUMBER
International Standard Book Number -
040 ## - CATALOGING SOURCE
Transcribing agency LIBRARY
082 ## - DEWEY DECIMAL CLASSIFICATION NUMBER
Classification number 297 1225.AHS
100 ## - MAIN ENTRY--PERSONAL NAME
9 (RLIN) 2365
Personal name Ahsan Muhammad Manazir
245 ## - TITLE STATEMENT
Title The Quran Basic Teachings
Statement of responsibility, etc. Mohammad Manazir Ahsan
250 ## - EDITION STATEMENT
Edition statement 1st ed
260 ## - PUBLICATION, DISTRIBUTION, ETC.
Place of publication, distribution, etc. Pakistan
Name of publisher, distributor, etc. Dawah Academy
Date of publication, distribution, etc. c199.
300 ## - PHYSICAL DESCRIPTION
Extent 396p. :
650 ## - SUBJECT ADDED ENTRY--TOPICAL TERM
9 (RLIN) 2366
Topical term or geographic name entry element Islam
General subdivision Mis
942 ## - ADDED ENTRY ELEMENTS (KOHA)
Source of classification or shelving scheme
Koha item type Book
Holdings
Withdrawn status Lost status Source of classification or shelving scheme Damaged status Not for loan Permanent Location Current Location Shelving location Date acquired Source of acquisition Cost, normal purchase price Total Checkouts Full call number Barcode Date last seen Cost, replacement price Price effective from Koha item type
          Pakistan Navy Engineering College (PNEC) Pakistan Navy Engineering College (PNEC)   01/14/1996 Royal Book Company 150.00   297 1225.AHS PNECLIB-018266 04/10/2015 150.00 01/14/1996 Book
© 2023 Central Library, National University of Sciences and Technology. All Rights Reserved.